000 00435pab a2200169 454500
008 180718b2018 xxu||||| |||| 00| 0 eng d
100 _aMcDaniel, John L.M.
245 _aRethinking the law and politics of democratic police accountability
260 _c2018
300 _ap.22-43.
362 _aMar
650 _aPolitics
650 _aPolice accountability
650 _aPolice
773 _aPolice Journal
909 _a117153
999 _c117147
_d117147